000 00353pam a2200157a 44500
008 230515b1985 xxu||||| |||| 00| 0 eng d
020 _aNULL
041 _aENGLISH
082 _aN.D.
100 _aCollin R.E.
245 _aAntennes & Radio Wave Propagation
250 _a0
260 _aNULL
_bMcgraw Hill
_c1985
300 _a508
650 _aNULL
999 _c577954
_d577954